| LEADER |
01098nam0a2200265 450 |
| 001 |
16867851 |
| 010 |
|
|
|a 978-2-7459-6504-2
|b rel.
|d 14,95
|
| 100 |
|
|
|a 20131015d2013 u u0frey01 ba
|
| 101 |
0 |
|
|a fre
|
| 102 |
|
|
|a FR
|
| 200 |
0 |
|
|a Copain de la danse
|e à la découverte de la danse
|f Agnès Izrine
|g illustrations de Sophie Lebot, Jérôme Brasseur, Claude Cachin
|
| 205 |
|
|
|a Nouvelle édition
|
| 207 |
|
1 |
|a
|
| 215 |
|
|
|a 256 p.
|c ill en coul
|d 26 cm
|
| 300 |
|
|
|a Glossaire. Index
|
| 330 |
|
|
|a Un tour d'horizon de la danse dans le monde, de la préhistoire à l'avant-garde du XXIe siècle, des figures savantes aux formes populaires. Pour comprendre la culture chorégraphique et aborder toutes les façons de danser.
|
| 606 |
0 |
|
|a Danse
|x Ouvrages pour la jeunesse
|
| 676 |
|
|
|a 792.8
|
| 700 |
|
0 |
|a Izrine
|b Agnès
|4 70
|
| 702 |
|
0 |
|a Lebot
|b Sophie
|4 440
|
| 702 |
|
0 |
|a Brasseur
|b Jérôme
|4 440
|
| 702 |
|
0 |
|a Cachin
|b Claude
|4 440
|
| 900 |
|
|
|a Roman (enfants)
|
| 901 |
|
|
|a Jeunesse
|
| 995 |
|
|
|a Médiathèque
|c Médiathèque
|f 00156010098648
|h 00156010098648
|k E 792.8 IZR
|o p
|q j
|r az
|e Médiathèque
|